Through the Brazilian rainforest (Record no. 1768)
[ view plain ]
| 000 -LEADER | |
|---|---|
| fixed length control field | 00953nam a22001577a 4500 |
| 005 - DATE AND TIME OF LATEST TRANSACTION | |
| control field | 20240206120208.0 |
| 008 - FIXED-LENGTH DATA ELEMENTS--GENERAL INFORMATION | |
| fixed length control field | 230928b cb ||||| |||| 00| 0 eng d |
| 082 ## - DEWEY DECIMAL CLASSIFICATION NUMBER | |
| Classification number | 508.81 |
| 245 ## - TITLE STATEMENT | |
| Title | Through the Brazilian rainforest |
| Statement of responsibility, etc. | Theodor Roosevelt |
| 260 ## - PUBLICATION, DISTRIBUTION, ETC. | |
| Date of publication, distribution, etc. | Exported from Wikisource on September 28, 2023 |
| 300 ## - PHYSICAL DESCRIPTION | |
| Pages | 44 pages : |
| 500 ## - GENERAL NOTE | |
| General note | Roosevelt's popular book Through the Brazilian Wilderness describes his expedition into the Brazilian jungle in 1913 as a member of the Roosevelt-Rondon Scientific Expedition co-named after its leader, Brazilian explorer Cândido Rondon. The book describes all of the scientific discovery, scenic tropical vistas and exotic flora, fauna and wild life experienced on the expedition, as well as the exciting human dramas which occurred during the expedition. |
| 856 ## - ELECTRONIC LOCATION AND ACCESS | |
| Uniform Resource Identifier | http://172.20.16.31/cgi-bin/koha/opac-retrieve-file.pl?id=36aa0466e14d0f8361efbd3f632ab4c3 |
| Link text | Download Ebook |
| 942 ## - ADDED ENTRY ELEMENTS (KOHA) | |
| Koha item type | ebook |
| Lost status | Damaged status | Not for loan | Permanent Location | Current Location | Shelving Location | Date acquired | Source of acquisition | Accession No./Barcode | Date last seen | Koha item type |
|---|---|---|---|---|---|---|---|---|---|---|
| Footprints International School Library Network Toul Kork Campus | Footprints International School Library Network Toul Kork Campus | Primary Server | 09/28/2023 | Wikisource | 2023-0703 | 10/02/2023 | ebook |
